CHARLESWORTH & PERCY ON NEGLIGENCE (Record no. 9533)

MARC details
000 -LEADER
fixed length control field 00322nam a22001457a 4500
003 - CONTROL NUMBER IDENTIFIER
control field SGT
082 ## - DEWEY DECIMAL CLASSIFICATION NUMBER
Classification number 346.032,WAL
100 ## - MAIN ENTRY--PERSONAL NAME
Personal name WALTON,CHRISTOPHER
245 ## - TITLE STATEMENT
Title CHARLESWORTH & PERCY ON NEGLIGENCE
250 ## - EDITION STATEMENT
Edition statement 12TH
260 ## - PUBLICATION, DISTRIBUTION, ETC. (IMPRINT)
Place of publication, distribution, etc LONDAN
Name of publisher, distributor, etc SWEET & MAXWELL
Year of Publication 2010
300 ## - PAGE DESCRIPTION
No. of Pages 1285
650 ## - SUBJECT ADDED ENTRY--TOPICAL TERM
Topical term or geographic name as entry element NEGLIGENCE
942 ## - ADDED ENTRY ELEMENTS (KOHA)
Source of classification or shelving scheme Dewey Decimal Classification
Koha item type Books
Holdings
Withdrawn status Lost status Source of classification or shelving scheme Damaged status Not for loan Collection code Home library Current library Shelving location Date acquired Vendor Name Cost, normal purchase price Volume Information (Serial or Books or Non-Book Material) SGTU Bill Number Full call number Accession No. (Barcode) Date last seen Bill Date Koha item type
    Dewey Decimal Classification   Not For Loan LAW SGT Science & Social Sciences Library SGT Science & Social Sciences Library Reference Book 24/04/2017 NEW DELHI SATYAM 440.00 A SGTU 985 346.032,WAL FL07 24/04/2017 22/07/2014 Books
    Dewey Decimal Classification   Not For Loan LAW SGT Science & Social Sciences Library SGT Science & Social Sciences Library Reference Book 24/04/2017 DELHI SATYAM   B SGTU 985 346.032,WAL FL08 24/04/2017 22/07/2014 Books